header

The cross and gendercide : (Record no. 105974)

MARC details
000 -LEADER
fixed length control field 01967nam a2200433 i 4500
001 - CONTROL NUMBER
control field ebr10866763
003 - CONTROL NUMBER IDENTIFIER
control field CaPaEBR
006 - FIXED-LENGTH DATA ELEMENTS--ADDITIONAL MATERIAL CHARACTERISTICS--GENERAL INFORMATION
fixed length control field m o d
007 - PHYSICAL DESCRIPTION FIXED FIELD--GENERAL INFORMATION
fixed length control field cr cn|||||||||
008 - FIXED-LENGTH DATA ELEMENTS--GENERAL INFORMATION
fixed length control field 140515t20142014ilu ob 001 0 eng d
020 ## - INTERNATIONAL STANDARD BOOK NUMBER
Cancelled/invalid ISBN 9780830840496
International Standard Book Number 9780830880225 (e-book)
040 ## - CATALOGING SOURCE
Original cataloging agency CaPaEBR
Language of cataloging eng
Description conventions rda
-- pn
Transcribing agency CaPaEBR
035 ## - SYSTEM CONTROL NUMBER
System control number (OCoLC)880457222
050 14 - LIBRARY OF CONGRESS CALL NUMBER
Classification number BT736.15
Item number .G48 2014eb
082 04 - DEWEY DECIMAL CLASSIFICATION NUMBER
Classification number 261.832
Edition number 23
100 1# - MAIN ENTRY--PERSONAL NAME
Personal name Gerhardt, Elizabeth,
Relator term author.
245 14 - TITLE STATEMENT
Title The cross and gendercide :
Remainder of title a theological response to global violence against women and girls /
Statement of responsibility, etc Elizabeth Gerhardt ; cover design Cindy Kiple ; interior design Beth Hagenberg.
264 #1 - PRODUCTION, PUBLICATION, DISTRIBUTION, MANUFACTURE, AND COPYRIGHT NOTICE
Place of production, publication, distribution, manufacture Downers Grove, Illinois :
Name of producer, publisher, distributor, manufacturer IVP Academics,
Date of production, publication, distribution, manufacture, or copyright notice 2014.
Date of production, publication, distribution, manufacture, or copyright notice �2014
300 ## - PHYSICAL DESCRIPTION
Extent 1 online resource (187 pages)
336 ## - CONTENT TYPE
Content type term text
Source rdacontent
337 ## - MEDIA TYPE
Media type term computer
Source rdamedia
338 ## - CARRIER TYPE
Carrier type term online resource
Source rdacarrier
504 ## - BIBLIOGRAPHY, ETC. NOTE
Bibliography, etc Includes bibliographical references and index.
588 ## - SOURCE OF DESCRIPTION NOTE
Source of description note Description based on print version record.
590 ## - LOCAL NOTE (RLIN)
Local note Electronic reproduction. Palo Alto, Calif. : ebrary, 2014. Available via World Wide Web. Access may be limited to ebrary affiliated libraries.
650 #0 - SUBJECT ADDED ENTRY--TOPICAL TERM
Topical term or geographic name as entry element Girls
General subdivision Crimes against.
Topical term or geographic name as entry element Women
General subdivision Crimes against
-- Religious aspects
-- Christianity.
Topical term or geographic name as entry element Girls
General subdivision Violence against.
Topical term or geographic name as entry element Women
General subdivision Violence against.
Topical term or geographic name as entry element Violence
General subdivision Religious aspects
-- Christianity.
655 #0 - INDEX TERM--GENRE/FORM
Genre/form data or focus term Electronic books.
700 1# - ADDED ENTRY--PERSONAL NAME
Personal name Kiple, Cindy,
Relator term cover designer.
Personal name Hagenberg, Beth,
Relator term designer.
776 08 - ADDITIONAL PHYSICAL FORM ENTRY
Display text Print version:
Main entry heading Gerhardt, Elizabeth.
Title Cross and gendercide : a theological response to global violence against women and girls.
Place, publisher, and date of publication Downers Grove, Illinois : IVP Academics, c2014
Physical description 181 pages
International Standard Book Number 9780830840496
Record control number 2014005350
797 2# - LOCAL ADDED ENTRY--CORPORATE NAME (RLIN)
Corporate name or jurisdiction name as entry element ebrary.
856 40 - ELECTRONIC LOCATION AND ACCESS
Uniform Resource Identifier <a href="http://site.ebrary.com/lib/rucke/Doc?id=10866763">http://site.ebrary.com/lib/rucke/Doc?id=10866763</a>
Public note An electronic book accessible through the World Wide Web; click to view

No items available.

© 2026 Rongo University
Contact us: librarian | system librarian | Rongo university